where lebron has played including highschool - Statistics

General Stats
  • This quiz has been taken 18 times
  • The average score is 4 of 6
Answers on the Grid
Answers color-coded by a green-red scale on the quiz's grid according to % correct below.
la lakers
cleveland cavalers
St Vincent highschool
orlando magic
lower Marian highschool
la clippers
kings
team usa
76ers
sierra canyon highschool
heat
texas tech
akron public school
trailblazers
ny nets
timberwolves
 
Answer Stats
Answer % Correct
cleveland cavalers
92%
la lakers
92%
team usa
92%
heat
67%
St Vincent highschool
58%
akron public school
33%
No matching quizzes found
Score Distribution
Percent of People with Each Score
Percentile by Number Answered
Your Score History
You have not taken this quiz